| 000 -LEADER |
| fixed length control field |
00591nam a2200193 i 4500 |
| 020 ## - INTERNATIONAL STANDARD BOOK NUMBER |
| ISBN |
2040028870 |
| 040 ## - CATALOGING SOURCE |
| Transcribing agency |
DLC |
| 082 00 - DEWEY DECIMAL CLASSIFICATION NUMBER |
| Classification number |
540 DUS 1976 A062 Or. |
| 100 1# - MAIN ENTRY--AUTHOR NAME |
| Personal name |
Garric, Maurice Pierre, |
| 245 10 - TITLE STATEMENT |
| Title |
Chimie générale / |
| 260 ## - PUBLICATION, DISTRIBUTION, ETC. (IMPRINT) |
| Place of publication |
[Paris] : |
| Name of publisher |
Dunod, |
| Year of publication |
c1976. |
| 300 ## - PHYSICAL DESCRIPTION |
| Number of Pages |
xv, 400 p. : |
| Other physical details |
ill. ; |
| Dimensions |
21 x 25 cm. |
| 490 0# - SERIES STATEMENT |
| Series statement |
Dunod université : Série orange |
| 500 ## - GENERAL NOTE |
| General note |
Label mounted on t.p.: Distributed in the U.S.A. by S.M.P.F. Corp., New-York. |
| 500 ## - GENERAL NOTE |
| General note |
Based on the author's Cours de chimie, 1970. |
| 500 ## - GENERAL NOTE |
| General note |
Includes index. |
| 650 #0 - SUBJECT ADDED ENTRY--TOPICAL TERM |
| Topical Term |
Chemistry. |
| 942 ## - ADDED ENTRY ELEMENTS (KOHA) |
| Koha item type |
សៀវភៅភាសាអង់គ្លេស |
| 952 ## - LOCATION AND ITEM INFORMATION (KOHA) |
| Withdrawn status [LOCAL, KOHA] |
0 |